000 01401cam a2200421 a 4500
001 4002
003 FISKH
005 20250828101045.0
008 930322s1993 nyua j 000 0 eng
010 _a 93019203
020 _a0590472305
020 _a9780590472302
040 _aDLC
_cDLC
_dDLC
_beng
042 _alcac
043 _aln-----
050 0 0 _aG530.T6
_bB495 1993
082 0 0 _a910/.91634
_221
100 1 _aBallard, Robert D.
245 1 0 _aFinding the Titanic /
_cby Robert D. Ballard with Nan Froman ; paintings by Ken Marschall.
260 _aNew York :
_bScholastic,
_c1993.
300 _a48 pages :
_bcolor illustrations ;
_c23 cm
440 0 _aHello reader.
_nLevel 4
500 _a"Cartwheel books".
505 _aP
520 _aDescribes the voyage of the Titanic, the accident that caused it to sink, and the rescue of those who survived.
521 0 _a650
_bLexile
521 1 _aP
_bRaz-Plus
610 2 0 _aTitanic (Steamship)
_xJuvenile literature.
610 2 1 _aTitanic (Steamship)
650 0 _aShipwrecks
_zNorth Atlantic Ocean
_xJuvenile literature.
650 0 _aUnderwater exploration
_zNorth Atlantic Ocean
_xJuvenile literature.
650 1 _aShipwrecks.
700 1 _aFroman, Nan.
_eAuthor
700 1 _aMarschall, Ken,
_eillustrator
906 _a7
_bcbc
_corignew
_d1
_eocip
_f19
_gy-gencatlg
942 _2ddc
_cBK
_n0
999 _c4002
_d4002